[Event "GER-chT U16 Girls"]
[Site "Neumuenster"]
[Date "2022.12.29"]
[Round "6"]
[White "Falke, Franziska"]
[Black "Kaufmann, Victoria"]
[Result "0-1"]
[WhiteElo "889"]
[BlackElo "958"]
[PlyCount "60"]
[EventDate "2022.12.26"]
[EventType "team-swiss"]
[EventRounds "7"]
[EventCountry "GER"]
[SourceTitle "CBM 212 Extra"]
[Source "ChessBase"]
[SourceDate "2023.03.31"]
[SourceVersion "1"]
[SourceVersionDate "2023.03.31"]
[SourceQuality "1"]
[WhiteTeam "Elmshorn"]
[BlackTeam "Essen Werden"]
[WhiteTeamCountry "GER"]
[BlackTeamCountry "GER"]

1. d4 d5 2. Bf4 Nf6 3. e3 g6 4. c4 Bg7 5. Nc3 0-0 6. Bd3 Be6 7. f3 dxc4 8. Bc2 Bd7 9. e4 Bc6 10. Nge2 e6 11. a4 Nh5 12. Be3 b6 13. Qd2 Bb7 14. d5 exd5 15. exd5 Re8 16. Be4 Na6 17. Nb5 Nc5 18. Bxc5 bxc5 19. d6 Qh4+ 20. Kd1 Rab8 21. dxc7 Bxe4 22. cxb8Q Rxb8 23. fxe4 Rd8 24. Ned4 Bxd4 25. Nxd4 Rxd4 26. Qxd4 cxd4 27. e5 Qg4+ 28. Ke1 Nf4 29. Kf2 Qxg2+ 30. Ke1 Qe2# 0-1